[Event "Gipuzkoa-ch B"]
[Site "Azpeitia"]
[Date "2019.11.23"]
[Round "5"]
[White "Martinikorena Arkauz, Adrian"]
[Black "Alberdi Jauregi, Eneko"]
[Result "0-1"]
[WhiteElo "1509"]
[BlackElo "1566"]
[PlyCount "80"]
[EventDate "2019.10.19"]
[EventType "swiss"]
[EventRounds "7"]
[EventCountry "ESP"]
[SourceTitle "EXT 2024"]
[Source "ChessBase"]
[SourceDate "2023.10.10"]
[SourceVersion "1"]
[SourceVersionDate "2023.10.10"]
[SourceQuality "1"]

1. e4 e6 2. d4 d5 3. exd5 exd5 4. Bd3 Bd6 5. Nf3 Bg4 6. 0-0 Nc6 7. Re1+ Nge7 8. c3 Qd7 9. a4 0-0 10. Bg5 f6 11. Bh4 Nf5 12. Qc2 Nce7 13. Nbd2 Ng6 14. Bg3 Nfe7 15. Nf1 Bf5 16. Ne3 Bxd3 17. Qxd3 Nf4 18. Bxf4 Bxf4 19. g3 Bxe3 20. fxe3 Rfe8 21. c4 c6 22. c5 Nf5 23. b4 Re4 24. Kf2 Rae8 25. Rab1 Nxe3 26. Rxe3 Rxe3 27. Qxe3 Rxe3 28. Kxe3 Qf5 29. Nd2 Qc2 30. Rb3 Kf7 31. b5 f5 32. bxc6 bxc6 33. Rb7+ Kf6 34. Nf3 Qxa4 35. h4 Qa3+ 36. Kf2 a5 37. Ne5 Qc3 38. Nf3 a4 39. Rb6 a3 40. Rxc6+ Ke7 0-1